• 首页
  • 本馆介绍
  • 公告通知
  • 最新文献
  • 馆藏检索
  • 电子资源
  • 读者导购
  • 参考咨询
  • 我的图书馆
  • 登录
  • 详细信息显示
  • 放入我的书架
  • 预约/预借图书
  • 作者相关作品
  • 分类相关作品
  • 丛书相关作品
  • 出版社相关作品

书目信息

  • 表格格式
  • 工作单格式
  • 卡片格式
题名:
维生素全书
    
 
作者: 王刚 编著
分册:  
出版信息: 天津   天津科学技术出版社  2013.09
页数: 228页
开本: 24cm
丛书名:
单 册:
中图分类: Q56
科图分类:
主题词: 维生素--基本知识 , 维生素
电子资源:
ISBN: 978-7-5308-8106-4
000 00793nam0 2200265 450
001 010050029923
005 20140609083906.90
010    @a978-7-5308-8106-4@dCNY29.80
100    @a20130829d2013 em y0chiy0110 ea
101 0  @achi
102    @aCN@b120000
105    @aak z 000yy
106    @ar
200 1  @a维生素全书@9wei sheng su quan shu@f王刚编著
210    @a天津@c天津科学技术出版社@d2013.09
215    @a228页@c图@d24cm
300    @a中国家庭必备工具书
330    @a本书介绍了各种维生素的发现历史、生物特性、缺乏症状、医疗功效、适用人群等基本知识,让您全方位地了解维生素。
333    @a一般读者
606 0  @a维生素@x基本知识
606 0  @a维生素
690    @aQ56@v5
701  0 @a王刚@9wang gang@4编著
801  0 @aCN@b人天书店@c20130829
905    @b548463-66@dQ56@e202@f4
    
    维生素全书/王刚编著.-天津:天津科学技术出版社,2013.09
    228页:图;24cm
    中国家庭必备工具书.-使用对象:一般读者
    
    ISBN 978-7-5308-8106-4:CNY29.80
    本书介绍了各种维生素的发现历史、生物特性、缺乏症状、医疗功效、适用人群等基本知识,让您全方位地了解维生素。
●
相关链接 在E读中查询图书 在五车中查询图书 在当当中查询图书 在豆瓣中查询图书


正题名:维生素全书     索取号:Q56/202         预约/预借

序号 登录号 条形码 馆藏地/架位号 状态 备注
1 548463   205484634   第二样本阅览室/ [索取号:Q56/202] 在馆    
2 548464   205484643   第三借阅区/ [索取号:Q56/202] 在馆    
3 548465   205484652   第三借阅区/ [索取号:Q56/202] 在馆    
4 548466   205484661   密集书库-生命科学系/ [索取号:Q56/202] 在馆    
唐山师范学院图书馆 欢迎您!
大连网信软件有限公司© 版权所有